000
00304nam a2200145Ia 4500
100
_a
Ring/ Laurence J
942
_c
BK
654
_a
marketing
245
_a
Decisions in Marketing
260
_b
Business Books
_c
1984
082
_a
658.8
_b
RIN/NEW
300
_a
829
546
_a
ENGLISH
999
_c
31326
_d
31326